Přínosy a náklady členství České republiky v Evropské unii

Systémové podchytenie ciest, spôsobov a determinantov, ktoré ovplyvňujú vývoj vzťahov príslušných prínosov a nákladov spojených so začlenením sa ČR do EÚ. Makroekonomické okolnosti zapájania sa krajín do Európskej únie. Predpoklady maximalizácie efektu zo začleňovania českej ekonomiky do Európskej ú...

Descrizione completa

Salvato in:
Dettagli Bibliografici
Autore principale: Chvojka, Petr
Natura: Capitolo di libro
Lingua:ceco
Soggetti:
Tags: Aggiungi Tag
Nessun Tag, puoi essere il primo ad aggiungerne!!

MARC

LEADER 00000naa a2200000 4500
001 r049020
005 20231002112759.9
041 0 |a cze 
044 |a CZ 
245 1 0 |a Přínosy a náklady členství České republiky v Evropské unii  |c Petr Chvojka 
520 |a Systémové podchytenie ciest, spôsobov a determinantov, ktoré ovplyvňujú vývoj vzťahov príslušných prínosov a nákladov spojených so začlenením sa ČR do EÚ. Makroekonomické okolnosti zapájania sa krajín do Európskej únie. Predpoklady maximalizácie efektu zo začleňovania českej ekonomiky do Európskej únie. 
610 2 0 |a spolupráca hospodárska medzinárodná 
610 2 0 |a Česko 
610 2 0 |a Európska únia 
610 2 0 |a SVE 
610 2 0 |a makroekonomika 
610 2 0 |a mikroekonomika 
610 2 0 |a aproximácia práva 
610 2 0 |a efektívnosť ekonomická 
100 1 |a Chvojka, Petr